Fundamentals of phosphors

The book classifies phosphor materials according to the type of luminescence centers employed or the class of host materials used and interprets the optical properties of these materials, including their luminescence characteristics and mechanisms. Placing a strong emphasis on those materials that a...

全面介紹

Đã lưu trong:
書目詳細資料
格式: 圖書
語言:Undetermined
出版: Boca Raton, FL CRC Press 2007
主題:
標簽: 添加標簽
沒有標簽, 成為第一個標記此記錄!
Thư viện lưu trữ: Trung tâm Học liệu Trường Đại học Cần Thơ
LEADER 01067nam a2200217Ia 4500
001 CTU_237211
008 210402s9999 xx 000 0 und d
082 |a 535.3 
082 |b F981 
245 0 |a Fundamentals of phosphors 
245 0 |c Edited by William W. Yen, Shigeo Shionoya, Hajime Yamamoto. 
260 |a Boca Raton, FL 
260 |b CRC Press 
260 |c 2007 
520 |a The book classifies phosphor materials according to the type of luminescence centers employed or the class of host materials used and interprets the optical properties of these materials, including their luminescence characteristics and mechanisms. Placing a strong emphasis on those materials that are important from a practical point of view, the coverage also includes those possessing no possibility for practical use but are important from a theoretical standpoint. 
526 |a Vật liệu huỳnh quang 
526 |b TN430 
650 |a Phosphors.,Phốt pho 
904 |i Minh 
910 |a Tuyến 
980 |a Trung tâm Học liệu Trường Đại học Cần Thơ